书目信息 |
| 题名: |
化工仪表及自动化
|
|
| 作者: | 厉玉鸣 , 刘慧敏 主编 | |
| 分册: | ||
| 出版信息: | 北京 化学工业出版社 2015 |
|
| 页数: | 259页 | |
| 开本: | 26cm | |
| 丛书名: | ||
| 单 册: | ||
| 中图分类: | TQ056 | |
| 科图分类: | ||
| 主题词: | 化工仪表--职业教育--教材 , 化工过程--自动控制系统--职业教育--教材 | |
| 电子资源: | ||
| ISBN: | 978-7-122-20949-8 | |
| 000 | 01109nam0 2200265 450 | |
| 001 | 0103454007 | |
| 005 | 20150512143909.0 | |
| 010 | @a978-7-122-20949-8@dCNY30.00 | |
| 100 | @a20150327d2015 em y0chiy0120 ea | |
| 101 | 0 | @achi |
| 102 | @aCN@b110000 | |
| 105 | @aa z 000yy | |
| 106 | @ar | |
| 200 | 1 | @a化工仪表及自动化@9Hua Gong Yi Biao Ji Zi Dong Hua @f厉玉鸣,刘慧敏主编@b专著 |
| 210 | @a北京@c化学工业出版社@d2015 | |
| 215 | @a259页@c图@d26cm | |
| 300 | @a“十二五”职业教育国家规划教材 化工类专业适用 | |
| 330 | @a本书内容分为两篇,第一篇是化工检测仪表,讲述检测仪表的基本知识,重点介绍工业生产过程中的压力、流量、物位、温度的检测原理及相应的仪表结构选用,并介绍了工厂中常用的显示仪表;第二篇是化工自动化基础,介绍工业生产过程中的自动控制系统方面的知识,以及构成自动控制系统的被控对象、控制仪表及装置。 | |
| 606 | 0 | @a化工仪表@x职业教育@j教材 |
| 606 | 0 | @a化工过程@x自动控制系统@x职业教育@j教材 |
| 690 | @aTQ056@v5 | |
| 701 | 0 | @a厉玉鸣@f(1939~)@4主编@9li yu ming |
| 701 | 0 | @a刘慧敏@c(职业教育)@4主编@9liu hui min |
| 801 | 0 | @aCN@bAZmarc@c20230907 |
| 905 | @aBZT@dTQ056@e2@f1@sTQ056/2 | |
| 化工仪表及自动化/厉玉鸣,刘慧敏主编.-北京:化学工业出版社,2015 |
| 259页:图;26cm |
| “十二五”职业教育国家规划教材 化工类专业适用 |
| ISBN 978-7-122-20949-8:CNY30.00 |
| 本书内容分为两篇,第一篇是化工检测仪表,讲述检测仪表的基本知识,重点介绍工业生产过程中的压力、流量、物位、温度的检测原理及相应的仪表结构选用,并介绍了工厂中常用的显示仪表;第二篇是化工自动化基础,介绍工业生产过程中的自动控制系统方面的知识,以及构成自动控制系统的被控对象、控制仪表及装置。 |
| ● |
| 相关链接 |
|
|
|
正题名:化工仪表及自动化
索取号:TQ056/2
 
预约/预借
| 序号 | 登录号 | 条形码 | 馆藏地/架位号 | 状态 | 备注 |
| 1 | 2000030293 | 2000030293 | 旧书回溯/ [索取号:TQ056/2] | 在馆 |